• 首页
  • 本馆介绍
  • 公告通知
  • 最新文献
  • 馆藏检索
  • 电子资源
  • 读者导购
  • 参考咨询
  • 我的图书馆
  • 登录
  • 详细信息显示
  • 放入我的书架
  • 预约/预借图书
  • 作者相关作品
  • 分类相关作品
  • 丛书相关作品
  • 出版社相关作品

书目信息

  • 表格格式
  • 工作单格式
  • 卡片格式
题名:
泰戈尔笔下的印度
    
 
作者: 泰戈尔 著 ;白开元 编译
分册:  
出版信息: 北京   中央编译出版社  2015.12
页数: 285页
开本: 23cm
丛书名:
单 册:
中图分类: K351.03
科图分类:
主题词: 文化史--印度
电子资源:
ISBN: 978-7-5117-2874-6
000 00955nam0 2200241 450
001 351854
005 20161017161016.53
010    @a978-7-5117-2874-6@dCNY46.00
100    @a20160315d2015 em y0chiy50 ea
101 1  @achi@cinc
102    @aCN@b110000
105    @aag z 000yy
106    @ar
200 1  @a泰戈尔笔下的印度@f(印)泰戈尔著@g白开元编译
210    @a北京@c中央编译出版社@d2015.12
215    @a285页@c图@d23cm
330    @a本书是从泰戈尔的孟加拉语全集和英文文集选译的。书中勾勒了印度自古至今的浅显轨迹,探讨了印度古代经典的深厚内涵;展示了印度近代一幅幅真实的历史画卷;以犀利的笔触分析重大社会问题;对印度的婚姻制度、社会弊病、风俗习惯、祭祀庆典,表达他的深刻见解。阅读他的诗性论述,不仅能了解印度民众别样的行为方式和风土人情,也能获得美的享受。
606 0  @a文化史@y印度
690    @aK351.03@v5
701  0 @c(印)@a泰戈尔@4著
702  0 @a白开元@f(1945-)@4编译
801  0 @aCN@bTANGWEI@c20161010
905    @b0896850-4@dK351.03@e17@f5
    
    泰戈尔笔下的印度/(印)泰戈尔著/白开元编译.-北京:中央编译出版社,2015.12
    285页:图;23cm
    
    
    ISBN 978-7-5117-2874-6:CNY46.00
    本书是从泰戈尔的孟加拉语全集和英文文集选译的。书中勾勒了印度自古至今的浅显轨迹,探讨了印度古代经典的深厚内涵;展示了印度近代一幅幅真实的历史画卷;以犀利的笔触分析重大社会问题;对印度的婚姻制度、社会弊病、风俗习惯、祭祀庆典,表达他的深刻见解。阅读他的诗性论述,不仅能了解印度民众别样的行为方式和风土人情,也能获得美的享受。
●
相关链接 在E读中查询图书 在五车中查询图书 在当当中查询图书 在豆瓣中查询图书


正题名:泰戈尔笔下的印度     索取号:K351.03/17         预约/预借

序号 登录号 条形码 馆藏地/架位号 状态 备注
1 0896850   208968508   第二样本阅览室/ [索取号:K351.03/17] 在馆    
2 0896851   208968517   第二借阅区/ [索取号:K351.03/17] 在馆    
3 0896852   208968526   第二借阅区/ [索取号:K351.03/17] 在馆    
4 0896853   208968535   第二借阅区/ [索取号:K351.03/17] 在馆    
5 0896854   208968544   第二借阅区/ [索取号:K351.03/17] 在馆    
唐山师范学院图书馆 欢迎您!
大连网信软件有限公司© 版权所有